| 000 | 00715nam a2200193 a 4500 | ||
|---|---|---|---|
| 001 | 000042509 | ||
| 005 | 20201002040212.0 | ||
| 008 | 131205s1989 sp 000 0 spa d | ||
| 020 | _a8486790379 | ||
| 040 |
_aDO-SdBNP _bspa _cBNPHU |
||
| 111 | 2 |
_aSymposium de Arqueología Soriana actas: _bhomenaje a D. Teógenes Ortego y Frías / _n(2a: _d1989 : 19-21 oct. _969709 |
|
| 245 | 1 | 0 | _aII Symposium de Arqueología Soriana. |
| 260 |
_aEspaña : _bDiputación Provincial, _c1989. |
||
| 300 |
_a2 v. ; _c24 cm. |
||
| 490 | 1 |
_aTemas Sorianos _v20 |
|
| 504 | _aBibliografía al final de los cápitulos | ||
| 500 | _aIncluye referencias bibliográficas y notas al pie de las páginas | ||
| 830 | 0 |
_aTemas Sorianos _v20 _969710 |
|
| 999 |
_c41998 _d41998 |
||